000 00372nam a22001337a 4500
020 _qPB.
040 _cFizza Ishaq
082 _a658.1592
_bLAW
100 _aTuller, W. Lawrence.
_9134045
245 _aFinancing the Small Business /
_cLawrence W. Tuller.
260 _aNew York :
_bPrentice Hall,
_c1991.
300 _a280 p, ;
_c18.42 x 1.91 x 20.32 cm
942 _2ddc
_cBK
999 _c616972
_d616972